00748nam a2200205Ia 4500008004100000100002300041245005900064245008400123260003900207260000900246300003300255440004300288650001500331650002100346650001600367650003400383856003400417999001900451952007200470190511s9999 xx 000 0 und d aPreszler, Jonathan aNetwork analysis of psychopathy in forensic patients / cJonathan Preszler, David K. Marcus, John F. Hedens, and Barbara E. McDermott.-- bAmerican Psychological Association c2018 aPages 171-182, February 2018 aJournal of Abnormal Psychologyv127(2) aCentrality aNetwork analysis aPsychopathy aPsychopathy checklist-revised uwww.apa.org/pubs/journals/abn c361852d361852 001040aCLbCLd2019-05-11l0r2019-05-11 00:00:00w2019-05-11ySE